1998以降FIFAワールドカップ出場国 - Statistics

General Stats
  • This quiz has been taken 39 times
  • The average score is 62 of 74
Answer Stats
大陸 国名 出場大会 % Correct
イングランド 98.02.06.10.14.18.22.26
100%
ロシア 02.14.18
100%
AFC 日本 98.02.06.10.14.18.22.26
100%
韓国 98.02.06.10.14.18.22.26
100%
スペイン 98.02.06.10.14.18.22.26
97%
ドイツ 98.02.06.10.14.18.22.26
97%
クロアチア 98.02.06.14.18.22.26
97%
ポルトガル 02.06.10.14.18.22.26
97%
オランダ 98.06.10.14.22.26
97%
イタリア 98.02.06.10.14
97%
スウェーデン 02.06.18.26
97%
CONMEBOL ブラジル 98.02.06.10.14.18.22.26
97%
アルゼンチン 98.02.06.10.14.18.22.26
97%
CONCACAF メキシコ 98.02.06.10.14.18.22.26
97%
アメリカ 98.02.06.10.14.22.26
97%
カナダ 22.26
97%
イラン 98.06.14.18.22.26
97%
OFC ニュージーランド 10.26
97%
UEFA フランス 98.02.06.10.14.18.22.26
94%
ベルギー 98.02.14.18.22.26
94%
ノルウェー 98.26
94%
オーストリア 98.26
94%
ウクライナ 06
94%
コロンビア 98.14.18.26
94%
チリ 98.10.14
94%
エジプト 18.26
94%
サウジアラビア 98.02.06.18.22.26
94%
スイス 06.10.14.18.22.26
91%
デンマーク 98.02.10.18.22
91%
ポーランド 02.06.18.22
91%
トルコ 02.26
91%
ウェールズ 22
91%
ウルグアイ 02.10.14.18.22.26
91%
ペルー 18
91%
チェコ 06.26
88%
ギリシャ 10.14
88%
アイルランド 02
88%
パラグアイ 98.02.06.10.26
88%
CAF チュニジア 98.02.06.18.22.26
88%
南アフリカ 98.02.10.26
88%
モロッコ 98.18.22.26
88%
スコットランド 98.26
85%
ナイジェリア 98.02.10.14.18
85%
セネガル 02.18.22.26
85%
中国 02
85%
イラク 26
85%
ユーゴスラビア(セルビア・モンテネグロ) (セルビア) 98.06.10.18.22
85%
エクアドル 02.06.14.22.26
82%
コートジボワール 06.10.14.26
82%
アルジェリア 10.14.26
82%
カタール 22.26
82%
スロバキア 10
79%
コスタリカ 02.06.14.18.22
79%
ホンジュラス 10.14
79%
カメルーン 98.02.10.14.22
79%
北朝鮮 10
79%
ボスニア・ヘルツェゴビナ 14.26
76%
アイスランド 18
76%
パナマ 18.26
76%
ガーナ 06.10.14.22.26
76%
ルーマニア 98
74%
ヨルダン 26
74%
スロベニア 02.10
71%
ジャマイカ 98
71%
ウズベキスタン 26
71%
コンゴ民主共和国 26
68%
ハイチ 26
65%
トーゴ 06
65%
ブルガリア 98
62%
カーボベルデ 26
62%
トリニダード・トバゴ 06
50%
アンゴラ 06
47%
キュラソー 26
44%
オーストラリア(2006はOFC) 06.10.14.18.22.26
3%
No matching quizzes found
Score Distribution
Percent of People with Each Score
Percentile by Number Answered
Your Score History
You have not taken this quiz